Klastre ako súčasť fungovania obecných podnikov a podnikov samosprávy

Základné charakteristiky klastrov. Slovenské klastre a klastrové iniciatívy. Identifikácie klastrov a klastrových iniciatív. Lokalizačný koeficient vybraných odvetví (poľnohospodárstvo, lesníctvo a rybolov, priemysel, stavebníctvo).

Guardado en:
Detalles Bibliográficos
Autor principal: Gajdová, Denisa, 1977-
Formato: Capítulo de libro
Lenguaje:eslovaco
Materias:
Etiquetas: Agregar Etiqueta
Sin Etiquetas, Sea el primero en etiquetar este registro!

MARC

LEADER 00000nla a2200000 4500
001 0205870
005 20240502073428.1
041 0 |a slo 
044 |a SK 
245 1 0 |a Klastre ako súčasť fungovania obecných podnikov a podnikov samosprávy  |c Denisa Gajdová 
520 |a Základné charakteristiky klastrov. Slovenské klastre a klastrové iniciatívy. Identifikácie klastrov a klastrových iniciatív. Lokalizačný koeficient vybraných odvetví (poľnohospodárstvo, lesníctvo a rybolov, priemysel, stavebníctvo). 
610 2 0 |a klaster 
610 2 0 |a spolupráca podnikov 
610 2 0 |a spolupráca regionálna 
610 2 0 |a poľnohospodárstvo 
610 2 0 |a priemysel 
610 2 0 |a stavebníctvo 
100 1 |a Gajdová, Denisa, 1977-